[Event "Titled Tue 27th May Early"]
[Site "chess.com INT"]
[Date "2025.05.27"]
[Round "11"]
[White "Jakubowski, Krzysztof"]
[Black "Teterev, Vitaly"]
[Result "1/2-1/2"]
[WhiteTitle "GM"]
[BlackTitle "GM"]
[WhiteElo "2448"]
[BlackElo "2258"]
[WhiteFideId "1112848"]
[BlackFideId "13501429"]
[EventDate "2025.05.27"]

1. e4 c6 2. d4 d5 3. f3 Qb6 4. a4 a5 5. exd5 cxd5 6. Nc3 Nf6 7. Nb5 Bf5 8. Bf4
Na6 9. c3 e6 10. g4 Bg6 11. Qb3 Nd7 12. Nc7+ Nxc7 13. Qxb6 Nxb6 14. Bxc7 Nd7 15.
Nh3 Nb8 16. Bb5+ Nc6 17. Nf4 Kd7 18. Bb6 Bd6 19. Nd3 h5 20. g5 Bxd3 21. Bxd3 g6
22. h4 Bc7 23. Bxc7 Kxc7 24. Kf2 Rhb8 25. f4 Ne7 26. Ra3 Nc8 27. Rb3 Nd6 28. Ra1
b6 29. Kf3 Kb7 30. Re1 Rc8 31. Re5 Nc4 32. Bxc4 Rxc4 33. Ra3 Rd8 34. Re2 Ka6 35.
Ke3 b5 36. axb5+ Kxb5 37. Kd3 a4 38. b3 axb3 39. Rxb3+ Kc6 40. Ra2 Rd7 41. Ra8
Rc7 42. Rd8 Ra4 43. Rbb8 Ra1 44. Rbc8 Rf1 45. Ke3 Re1+ 46. Kf2 Rc1 47. Rxc7+
Kxc7 48. Rf8 Rxc3 49. Rxf7+ Kd6 50. Rf6 Rh3 51. Rxg6 Rxh4 52. Kg3 Rg4+ 53. Kf3
Ke7 54. Rh6 Rh4 55. Kg3 Rg4+ 56. Kf3 Rh4 57. Kg3 Rg4+ 58. Kf3 1/2-1/2

[Event "Titled Tue 27th May Early"]
[Site "chess.com INT"]
[Date "2025.05.27"]
[Round "11"]
[White "Levitan, Judah Nathan"]
[Black "Manukian, Artak"]
[Result "1-0"]
[WhiteTitle "CM"]
[WhiteElo "2127"]
[BlackElo "2104"]
[WhiteFideId "14332639"]
[BlackFideId "13301373"]
[EventDate "2025.05.27"]

1. e4 c5 2. Nf3 d6 3. d4 cxd4 4. Nxd4 Nf6 5. Nc3 e6 6. g4 a6 7. g5 Nfd7 8. h4
Nc6 9. Be3 Be7 10. Bc4 Nde5 11. Bb3 O-O 12. f4 Nxd4 13. Bxd4 Nc6 14. Be3 b5 15.
a4 b4 16. Ne2 Na5 17. Nd4 Bb7 18. Qd3 Nxb3 19. Nxb3 d5 20. Nc5 Bxc5 21. Bxc5
dxe4 22. Qe3 Re8 23. Bxb4 Rc8 24. Bc3 Qd5 25. h5 Qc5 26. Qxc5 Rxc5 27. h6 g6 28.
Ke2 Rd8 29. Rad1 Rcd5 30. Rxd5 Rxd5 31. Rf1 Kf8 32. Bf6 Ke8 33. Ke3 Kd7 34. Rf2
Rd1 35. Rd2+ Rxd2 36. Kxd2 Kc6 37. Ke3 Kd5 38. b3 Kc5 39. Be7+ Kd5 40. c4+ Kc6
41. Bf6 Kc5 42. Be7+ Kc6 43. Bb4 Kd7 44. Bc3 Kd6 45. b4 Bc6 46. Be5+ Kd7 47. b5
axb5 48. axb5 Bb7 49. c5 Bd5 50. Kd4 Kc8 51. c6 e3 52. Kxe3 Bc4 53. b6 Ba6 54.
Kd4 Bb5 55. Kc5 Bxc6 56. Kxc6 f5 57. b7+ 1-0

[Event "Titled Tue 27th May Early"]
[Site "chess.com INT"]
[Date "2025.05.27"]
[Round "11"]
[White "Rozman, Levy"]
[Black "Harsh, Suresh"]
[Result "0-1"]
[WhiteTitle "IM"]
[BlackTitle "IM"]
[WhiteElo "2324"]
[BlackElo "2392"]
[WhiteFideId "2039877"]
[BlackFideId "45018464"]
[EventDate "2025.05.27"]

1. d4 g6 2. Nf3 Bg7 3. Bf4 d6 4. e3 Nd7 5. h3 e5 6. Bh2 Ne7 7. c3 O-O 8. Nbd2 b6
9. Bc4 Bb7 10. Qe2 a6 11. h4 h6 12. h5 g5 13. dxe5 Nxe5 14. Bxe5 dxe5 15. O-O-O
Qe8 16. e4 Nc8 17. Nf1 Nd6 18. Ng3 Rd8 19. Bd5 Bc8 20. Nxg5 hxg5 21. h6 Bf6 22.
Qf3 Qe7 23. Nh5 Ne8 24. g4 Kh7 25. Ng7 Rd6 26. Nf5 Bxf5 27. Qxf5+ Kh8 28. Bb3
Rxd1+ 29. Rxd1 Nd6 30. Qf3 Kh7 31. Bc2 Rg8 32. Bd3 a5 33. Qe2 Rg6 34. Bc2 Rxh6
35. Qa6 Rh4 36. f3 Rh2 37. Qa8 Qd8 38. Qc6 Bg7 39. Qd5 Qf6 40. Rf1 Qf4+ 41. Kb1
Qd2 42. Qb3 Qg2 43. Rd1 Qxf3 44. a4 Rh1 45. Ka2 Rxd1 46. Bxd1 Qf4 47. Qd5 Qxe4
48. Qxe4+ Nxe4 49. Bc2 f5 50. gxf5 Nf6 0-1

[Event "Titled Tue 27th May Early"]
[Site "chess.com INT"]
[Date "2025.05.27"]
[Round "11"]
[White "Yilmaz, Mustafa"]
[Black "Lazavik, Denis"]
[Result "0-1"]
[WhiteTitle "GM"]
[BlackTitle "GM"]
[WhiteElo "2586"]
[BlackElo "2577"]
[WhiteFideId "6302718"]
[BlackFideId "13515110"]
[EventDate "2025.05.27"]

1. Nf3 Nf6 2. d4 b6 3. g3 Bb7 4. Bg2 g6 5. O-O Bg7 6. c4 O-O 7. Bf4 Na6 8. Nc3
Ne4 9. Nxe4 Bxe4 10. Qd2 d6 11. Rac1 c5 12. Bh6 Rc8 13. Rfd1 Qd7 14. Bxg7 Kxg7
15. Qc3 Kg8 16. dxc5 Nxc5 17. b4 Ne6 18. Ne5 Qb7 19. Ng4 h5 20. Bxe4 Qxe4 21.
Ne3 Qb7 22. Nd5 Rfe8 23. a4 Nc7 24. Nf4 Qc6 25. Qb3 a5 26. c5 bxc5 27. bxc5 dxc5
28. Qc4 Na6 29. Nd3 Qf6 30. Qb5 Red8 31. Qxa5 c4 32. Nf4 Rxd1+ 33. Rxd1 Rc5 34.
Qd8+ Kg7 35. Nd5 Qd6 36. Qxd6 exd6 37. Nc3 Rc6 38. a5 Kf6 39. Kg2 Ke6 40. Kf3
Nc7 41. Ke4 Rc5 42. Ra1 d5+ 43. Kd4 Kd6 44. a6 Ne6+ 45. Ke3 d4+ 46. Kf3 dxc3 47.
a7 Nc7 48. Ke3 Rd5 49. Ra6+ Kd7 50. Rb6 c2 51. Rb7 c1=Q+ 52. Kf3 Qh1+ 53. Kf4
Rd4+ 0-1

[Event "Titled Tue 27th May Early"]
[Site "chess.com INT"]
[Date "2025.05.27"]
[Round "11"]
[White "Osiecki, Stanislaw"]
[Black "Zgadzaj, Rafal"]
[Result "1-0"]
[WhiteTitle "FM"]
[BlackTitle "CM"]
[WhiteElo "1944"]
[BlackElo "1988"]
[WhiteFideId "1102990"]
[BlackFideId "1113712"]
[EventDate "2025.05.27"]

1. e4 d6 2. d4 g6 3. Nc3 Nf6 4. f4 Bg7 5. Nf3 O-O 6. Be2 Nbd7 7. e5 Ne8 8. O-O
c5 9. exd6 exd6 10. dxc5 Nxc5 11. Be3 Nc7 12. Bxc5 dxc5 13. Qe1 Re8 14. Qf2 Bf5
15. Rfe1 b6 16. Rad1 Qf6 17. Ne5 Rad8 18. Bd3 Bxd3 19. Rxd3 Rxd3 20. cxd3 Ne6
21. g3 Nd4 22. Ne4 Qe6 23. Ng5 Qd5 24. Ngxf7 Qxa2 25. Nd6 Re6 26. Ndc4 Qb3 27.
Qg2 h6 28. Qd5 Kh7 29. h4 Qc2 30. h5 gxh5 31. Qe4+ Kg8 32. Qa8+ Kh7 33. Qe4+ Kg8
34. Qa8+ Bf8 35. Qb7 Be7 36. Qa8+ Kg7 37. f5 Rf6 38. Qb7 Nxf5 39. Nc6 Rf7 40.
Nxe7 Nxe7 41. Rxe7 Qf2+ 42. Kh1 Qf1+ 43. Kh2 Qf2+ 44. Kh1 Qf1+ 45. Kh2 Rxe7 46.
Qxe7+ Kg8 47. Qe6+ Kg7 48. Ne5 Qf2+ 49. Kh1 Qe1+ 50. Kh2 Qd2+ 51. Kh3 Qe3 52.
Qf7+ Kh8 53. Ng6# 1-0

[Event "Titled Tue 27th May Early"]
[Site "chess.com INT"]
[Date "2025.05.27"]
[Round "11"]
[White "Galchenko, Matvey"]
[Black "Tekeyev, Zaur"]
[Result "1-0"]
[WhiteTitle "IM"]
[BlackTitle "IM"]
[WhiteElo "2442"]
[BlackElo "2417"]
[WhiteFideId "24175480"]
[BlackFideId "4199731"]
[EventDate "2025.05.27"]

1. b3 Nf6 2. Bb2 g6 3. Nf3 Bg7 4. e3 O-O 5. d4 c5 6. dxc5 Na6 7. Bxa6 Qa5+ 8. c3
Qxa6 9. Qe2 Qc6 10. b4 b6 11. cxb6 Qxb6 12. a4 d5 13. Nbd2 Bb7 14. O-O Rac8 15.
Rfc1 Ne8 16. a5 Qc7 17. a6 Ba8 18. e4 dxe4 19. Nxe4 Bxe4 20. Qxe4 Nd6 21. Qe2
Nc4 22. Rab1 Rfd8 23. h3 Qb6 24. Ba1 e5 25. b5 f5 26. Rb4 Qc5 27. Rd1 Rxd1+ 28.
Qxd1 e4 29. Ng5 e3 30. Qe2 f4 31. Ne6 Qd5 32. Nxf4 Qd2 33. fxe3 Qc1+ 34. Kf2 Nd2
35. Bb2 Qc2 36. g4 Ne4+ 37. Kf3 Nd2+ 38. Kg2 Re8 39. b6 axb6 40. a7 Bxc3 41.
Rxb6 Bxb2 42. Rb8 Qc6+ 43. Kg1 Qc1+ 44. Kf2 Qc6 45. a8=Q Ne4+ 46. Kg2 Qxa8 47.
Rxa8 Rxa8 48. Qc4+ Kg7 49. Qxe4 Rf8 50. Qb7+ 1-0

[Event "Titled Tue 27th May Early"]
[Site "chess.com INT"]
[Date "2025.05.27"]
[Round "11"]
[White "Lopez Abreu, Michel Samuel"]
[Black "Sadey, Rinoa Mariel"]
[Result "1-0"]
[WhiteTitle "FM"]
[WhiteElo "2038"]
[BlackElo "1760"]
[WhiteFideId "3927903"]
[BlackFideId "5255945"]
[EventDate "2025.05.27"]

1. d4 c5 2. Nf3 cxd4 3. Nxd4 e5 4. Nb3 d5 5. g3 Nf6 6. Bg2 h6 7. O-O Bc5 8. Nxc5
O-O 9. Nc3 b6 10. Nb3 Bb7 11. a4 Na6 12. a5 Nb4 13. Bd2 Qe7 14. Nb5 Ba6 15. Bxb4
Qxb4 16. Nc3 Rfd8 17. Ra4 Qe7 18. axb6 axb6 19. Qd2 b5 20. Ra2 b4 21. Na4 Bc4
22. Rfa1 e4 23. Nac5 Rac8 24. Na6 Rc6 25. Nxb4 Rb6 26. Na6 Ra8 27. Nbc5 Bxa2 28.
Rxa2 Rc6 29. Ra3 Rb6 30. b4 Qd6 31. Bf1 d4 32. e3 d3 33. cxd3 exd3 34. Qxd3 Qc6
35. Bg2 Qc8 36. Qf1 Ra7 37. Bh3 Qa8 38. Bg2 Qe8 39. Rd3 Raxa6 40. Nxa6 Rxa6 41.
Rd1 Re6 42. Rb1 Nd7 43. b5 Nb6 44. Bc6 Qe7 45. Qe1 Qc7 46. Rc1 Qb8 47. Qd2 Rd6
48. Qb2 Kh7 49. Qb4 g6 50. Qc5 1-0

[Event "Titled Tue 27th May Early"]
[Site "chess.com INT"]
[Date "2025.05.27"]
[Round "11"]
[White "Vykouk, Jan"]
[Black "Baskakov, Egor"]
[Result "1/2-1/2"]
[WhiteTitle "IM"]
[BlackTitle "CM"]
[WhiteElo "2496"]
[BlackElo "2215"]
[WhiteFideId "349658"]
[BlackFideId "24197866"]
[EventDate "2025.05.27"]

1. c4 Nf6 2. Nf3 e6 3. g3 d5 4. Bg2 Be7 5. O-O O-O 6. b3 b6 7. d4 Bb7 8. Nc3 Ne4
9. Bb2 Nd7 10. Ne1 Nxc3 11. Bxc3 Nf6 12. Nd3 Rb8 13. cxd5 Bxd5 14. f3 Bb7 15. e4
Nd7 16. Rc1 c5 17. Kh1 cxd4 18. Bxd4 Rc8 19. Rxc8 Qxc8 20. Qa1 Bf6 21. Rc1 Qb8
22. f4 Bxd4 23. Qxd4 Rd8 24. Qe3 Qd6 25. Kg1 Ba6 26. Nf2 Qb8 27. b4 Bb7 28. e5
Bxg2 29. Kxg2 a5 30. a3 axb4 31. axb4 Rc8 32. Rd1 Nf8 33. Ne4 Ng6 34. Nd6 Rc7
35. Rc1 Ne7 36. Rxc7 Qxc7 37. Qd3 Nd5 38. Qb5 Qc2+ 39. Kh3 h6 40. Qe8+ Kh7 41.
Qxf7 Ne3 42. Qb7 Qf2 43. Ne8 Qf1+ 44. Kh4 Nf5+ 45. Kg4 Qe2+ 46. Kh3 Qf1+ 47. Qg2
Qd1 48. Qc6 Qh5+ 49. Kg2 Qe2+ 50. Kh3 Qf1+ 51. Qg2 Qd1 52. Qc6 Qh5+ 53. Kg2 Qe2+
54. Kh3 Qh5+ 1/2-1/2

[Event "Titled Tue 27th May Early"]
[Site "chess.com INT"]
[Date "2025.05.27"]
[Round "11"]
[White "Brancaleoni, Maurizio"]
[Black "Maslovskiy, Vladimir"]
[Result "0-1"]
[WhiteTitle "FM"]
[BlackTitle "FM"]
[WhiteElo "2185"]
[BlackElo "2370"]
[WhiteFideId "803022"]
[BlackFideId "24273546"]
[EventDate "2025.05.27"]

1. Nf3 Nf6 2. c4 e6 3. b3 d5 4. Bb2 c5 5. cxd5 exd5 6. g3 Nc6 7. Bg2 Be7 8. O-O
d4 9. e3 O-O 10. Na3 Bg4 11. h3 Bh5 12. Nc4 Rc8 13. g4 Bg6 14. Nfe5 Be4 15. f3
Bd5 16. e4 Bxc4 17. Nxc4 b5 18. Na3 a6 19. d3 Nd7 20. Nc2 Nb6 21. Kh1 Qc7 22. f4
Rfd8 23. Rc1 c4 24. bxc4 bxc4 25. dxc4 Nxc4 26. Bxd4 Bc5 27. Bxc5 Rxd1 28. Rfxd1
Qxf4 29. Nd4 Nxd4 30. Bxd4 h6 31. Rc3 Nd6 32. Rxc8+ Nxc8 33. Bc5 Qc7 34. Ba3 Nb6
35. Rc1 Qe5 36. Bc5 Nd7 37. Bg1 Nf6 38. Bh2 Qb2 39. Rc8+ Kh7 40. e5 Qa1+ 41. Bg1
Qxe5 42. Rc4 Qe1 43. Kh2 Nd7 44. Re4 Qa1 45. Re7 Ne5 46. Be4+ g6 47. Bd4 Qxd4
48. Re8 Qd2+ 49. Kg3 Qe3+ 50. Bf3 Qxf3+ 51. Kh4 Qf6+ 52. Kg3 Qf3+ 53. Kh2 Qf2+
54. Kh1 Nf3 55. Rh8+ Kxh8 56. g5 hxg5 57. h4 gxh4 58. a4 Qg1# 0-1

[Event "Titled Tue 27th May Early"]
[Site "chess.com INT"]
[Date "2025.05.27"]
[Round "11"]
[White "Danzer, George"]
[Black "Birkisson, Bjorn Holm"]
[Result "1-0"]
[WhiteTitle "CM"]
[BlackTitle "CM"]
[WhiteElo "2172"]
[BlackElo "2123"]
[WhiteFideId "4659465"]
[BlackFideId "2310600"]
[EventDate "2025.05.27"]

1. e4 c5 2. Nf3 Nc6 3. d4 cxd4 4. Nxd4 e5 5. Nb5 d6 6. N1c3 a6 7. Na3 Be7 8. Be2
b5 9. Nd5 Nf6 10. Bf3 O-O 11. c3 Nxd5 12. Qxd5 Qc7 13. Nc2 Be6 14. Qd3 Na5 15.
b3 Rac8 16. Bd2 Nb7 17. O-O Nc5 18. Qe2 d5 19. exd5 Bf5 20. Nb4 a5 21. Nc6 Bd3
22. Qxe5 Qxe5 23. Nxe5 Bxf1 24. Kxf1 Bf6 25. Re1 Rfe8 26. Nc6 Rxe1+ 27. Bxe1 Kf8
28. Bd2 a4 29. b4 Nb7 30. Be3 Bxc3 31. Bc5+ Nxc5 32. bxc5 b4 33. d6 Bf6 34. d7
Rc7 35. Nxb4 Rxd7 36. Ke2 Bd4 37. c6 Re7+ 38. Kd3 Bxf2 39. Nd5 Re8 40. c7 Ba7
41. Bg4 g6 42. c8=Q Rxc8 43. Bxc8 Bb8 44. Bd7 Bxh2 45. Bxa4 h5 46. Ke4 Kg7 47.
Be8 Bd6 48. a4 Bc5 49. a5 f5+ 50. Ke5 h4 51. a6 Kh6 52. Nc7 g5 53. Kxf5 1-0

[Event "Titled Tue 27th May Early"]
[Site "chess.com INT"]
[Date "2025.05.27"]
[Round "11"]
[White "Aarit Kapil"]
[Black "Reprintsev, Alexander"]
[Result "0-1"]
[WhiteTitle "CM"]
[BlackTitle "IM"]
[WhiteElo "2098"]
[BlackElo "2256"]
[WhiteFideId "33408947"]
[BlackFideId "14100541"]
[EventDate "2025.05.27"]

1. Nf3 Nc6 2. d4 d5 3. c4 e5 4. dxe5 d4 5. a3 g6 6. e3 Bg4 7. exd4 Bxf3 8. gxf3
Qxd4 9. Qa4 Qxe5+ 10. Be2 O-O-O 11. Nc3 Bc5 12. O-O Nd4 13. Bd1 Nf6 14. Be3 Nf5
15. f4 Qe7 16. Bxc5 Qxc5 17. Bf3 a6 18. Rae1 Nd4 19. Bg2 Nh5 20. Re5 Qb6 21. Nd5
Qxb2 22. Qa5 Rd7 23. Rd1 Nxf4 24. Nxf4 Ne2+ 25. Rxe2 Rxd1+ 26. Re1 Rhd8 27. Nd5
Rxe1+ 28. Qxe1 Qxa3 29. Qb1 Qc5 30. Qe4 c6 31. Bh3+ f5 32. Qe6+ Kb8 33. Qe5+ Ka7
34. Qc7 Qd6 35. Qb6+ Kb8 36. Nb4 Ka8 37. c5 Qd1+ 38. Kg2 Qd7 39. Kg1 Re8 40. Bf1
Qd8 41. Qxd8+ Rxd8 42. Nc2 Rd5 43. Ne3 Rxc5 44. Nc4 Rb5 45. Nd6 Rb1 46. Kg2 a5
47. Bd3 Rd1 48. Nc4 Rxd3 49. Nb6+ Kb8 50. Nc4 Rd5 51. Ne5 Ka7 0-1

[Event "Titled Tue 27th May Early"]
[Site "chess.com INT"]
[Date "2025.05.27"]
[Round "11"]
[White "Eames, Robert S"]
[Black "Burmakin, Evgeniy"]
[Result "0-1"]
[WhiteTitle "FM"]
[BlackTitle "FM"]
[WhiteElo "2136"]
[BlackElo "2110"]
[WhiteFideId "408743"]
[BlackFideId "4163729"]
[EventDate "2025.05.27"]

1. e4 c5 2. Nf3 d6 3. d4 cxd4 4. Nxd4 Nf6 5. Nc3 a6 6. h3 e5 7. Nf3 Be7 8. g4
Be6 9. g5 Nfd7 10. Nd5 Nc6 11. Be3 Rc8 12. c3 Nc5 13. Bxc5 dxc5 14. a4 Bxg5 15.
Rg1 Bh6 16. Bc4 O-O 17. Qe2 Ne7 18. Nxe7+ Qxe7 19. Nxe5 Rfd8 20. Ng4 Bd2+ 21.
Kf1 h5 22. Bxe6 Qxe6 23. Nh2 Qxh3+ 24. Rg2 Bf4 25. Kg1 Rc6 26. Nf3 Rg6 27. Rxg6
fxg6 28. Rd1 Qg4+ 29. Kf1 Rxd1+ 30. Qxd1 h4 31. Qd8+ Kh7 32. Qxh4+ Qxh4 33. Nxh4
c4 34. Ke2 Bc1 35. Kd1 Bxb2 36. Kc2 Ba3 37. f4 Be7 38. Nf3 Kh6 39. Ne5 b5 40.
axb5 axb5 41. Nc6 Bc5 42. Nd4 b4 43. Nc6 b3+ 44. Kb2 Be3 45. Ne5 Bxf4 46. Nxc4
g5 47. Kxb3 g4 48. e5 g3 49. e6 Kg6 50. e7 Kf7 0-1

[Event "Titled Tue 27th May Early"]
[Site "chess.com INT"]
[Date "2025.05.27"]
[Round "11"]
[White "Zhigalko, Sergei"]
[Black "Hayrapetyan, Edgar"]
[Result "1/2-1/2"]
[WhiteTitle "GM"]
[BlackTitle "FM"]
[WhiteElo "2572"]
[BlackElo "2161"]
[WhiteFideId "13502956"]
[BlackFideId "13313568"]
[EventDate "2025.05.27"]

1. e4 g6 2. d4 Bg7 3. Nc3 d6 4. Nf3 Nf6 5. h3 O-O 6. Be3 Nc6 7. d5 Nb8 8. Bc4 c6
9. a4 cxd5 10. exd5 Nbd7 11. O-O Ne5 12. Nxe5 dxe5 13. Qd2 Ne8 14. Bh6 Nd6 15.
Bxg7 Kxg7 16. Bd3 Qb6 17. Rfe1 Qd4 18. a5 Bd7 19. a6 bxa6 20. Rxa6 f5 21. Qe3
Qxe3 22. fxe3 Rfb8 23. Rea1 e4 24. Bf1 Rb7 25. Ne2 Bb5 26. R6a5 Bxe2 27. Bxe2
Rxb2 28. Rxa7 Rxa7 29. Rxa7 Rxc2 30. Rxe7+ Kf8 31. Rd7 Rxe2 32. Rxd6 Ke7 33.
Re6+ Kd7 34. Ra6 Rxe3 35. Ra7+ Kd6 36. Rxh7 Kxd5 37. Rg7 Rg3 38. Kf2 f4 39. Rd7+
Ke6 40. Rd8 g5 41. Re8+ Kf5 42. Rf8+ Ke5 43. Re8+ Kd4 44. Rd8+ Kc3 45. Rc8+ Kd2
46. Re8 e3+ 47. Kf1 g4 48. Rd8+ Kc3 49. hxg4 Rxg4 50. Rf8 Kd3 51. Rd8+ Ke4 52.
Re8+ Kf5 53. Rf8+ Kg5 54. Rg8+ Kh4 55. Rh8+ Kg5 56. Rg8+ Kf5 57. Rf8+ Ke6 58.
Re8+ Kd7 59. Re4 Kd6 60. Re8 Rg6 61. Re4 Rf6 62. Ke2 Kd5 63. Ra4 Rg6 64. Rxf4
Rxg2+ 65. Kxe3 Ra2 66. Rf3 Ra3+ 67. Kf2 Rxf3+ 68. Kxf3 1/2-1/2

[Event "Titled Tue 27th May Early"]
[Site "chess.com INT"]
[Date "2025.05.27"]
[Round "11"]
[White "Preobrazhenskaya, Diana"]
[Black "Arslanov, Shamil"]
[Result "0-1"]
[WhiteTitle "WFM"]
[BlackTitle "IM"]
[WhiteElo "2103"]
[BlackElo "2410"]
[WhiteFideId "34270566"]
[BlackFideId "4192826"]
[EventDate "2025.05.27"]

1. e4 e5 2. Nf3 d5 3. exd5 e4 4. Qe2 Nf6 5. d3 Qxd5 6. dxe4 Qxe4 7. Be3 Nc6 8.
Nc3 Bb4 9. Bd2 Qxe2+ 10. Bxe2 Bf5 11. O-O-O O-O-O 12. a3 Bc5 13. Bg5 Bxf2 14.
Rhf1 Bb6 15. Nh4 Be6 16. Bxf6 gxf6 17. Rxf6 Be3+ 18. Kb1 Bg5 19. Rxe6 fxe6 20.
Nf3 Rxd1+ 21. Bxd1 Bf4 22. g3 Bd6 23. Ne4 h6 24. Be2 Rf8 25. Kc1 Kd7 26. Kd2 Ne5
27. Nd4 a6 28. Ke3 Ke7 29. Nb3 Nd7 30. c4 Be5 31. Na5 Bxb2 32. Nxb7 Bxa3 33. Na5
Ne5 34. Kd4 Bb2+ 35. Ke3 Bc1+ 36. Kd4 Bb2+ 37. Ke3 Rb8 38. c5 Rb4 39. Nd2 Ra4
40. Ndb3 Bc3 41. Nb7 Rb4 42. N3a5 Rb2 43. Bd3 Nxd3 44. Kxd3 Bxa5 45. Nxa5 Rxh2
46. Nc6+ Kf6 47. Nd4 Rg2 48. Ke4 Rxg3 49. Nc6 Rg4+ 50. Kd3 h5 51. Nb8 a5 52. Na6
a4 53. Nxc7 a3 54. Ne8+ Ke7 55. Nd6 a2 56. c6 Kxd6 0-1

[Event "Titled Tue 27th May Early"]
[Site "chess.com INT"]
[Date "2025.05.27"]
[Round "11"]
[White "Smirnova, Ekaterina"]
[Black "Pournami S"]
[Result "1-0"]
[WhiteTitle "WIM"]
[BlackTitle "WCM"]
[WhiteElo "2096"]
[BlackElo "1782"]
[WhiteFideId "4110943"]
[BlackFideId "25732439"]
[EventDate "2025.05.27"]

1. d4 Nf6 2. c4 e6 3. Nf3 d5 4. Nc3 Be7 5. Bf4 O-O 6. e3 b6 7. cxd5 exd5 8. Bd3
Bb7 9. O-O c5 10. dxc5 bxc5 11. Rc1 Nbd7 12. Re1 Ne4 13. Bb1 Ndf6 14. Nxe4 dxe4
15. Ne5 Qb6 16. Nc4 Qe6 17. b3 Rad8 18. Qe2 Nd5 19. Bg3 Ba6 20. Qc2 f5 21. Red1
Nb4 22. Qe2 g5 23. Bc7 Rc8 24. Ba5 Nd5 25. Qd2 Bxc4 26. bxc4 Nb6 27. Qe2 Bf6 28.
Bxb6 axb6 29. Rd5 Rfd8 30. Rcd1 Rxd5 31. Rxd5 Rd8 32. Qd2 Rxd5 33. Qxd5 Qxd5 34.
cxd5 Kf7 35. g4 Kg6 36. d6 h5 37. gxf5+ Kxf5 38. d7 Ke6 39. Bxe4 Kxd7 40. h3 Kd6
41. Kf1 b5 42. Ke2 Ke5 43. Bg2 b4 44. Kd3 Kd6 45. Bf3 Be5 46. Bxh5 Bh2 47. Bd1
Bg1 48. Ke2 Bh2 49. Bb3 Kc6 50. Kd3 Bg1 51. Ke2 Bh2 52. Bc4 Be5 53. Kd3 Bh2 54.
Ke4 Bg1 55. f4 gxf4 56. exf4 Bd4 57. h4 Kd7 58. Kf5 Ke7 59. Kg6 Kf8 60. h5 Bh8
61. f5 Bd4 62. f6 Be3 63. h6 Bxh6 64. Kxh6 1-0

[Event "Titled Tue 27th May Early"]
[Site "chess.com INT"]
[Date "2025.05.27"]
[Round "11"]
[White "Hajiyev, Kanan"]
[Black "Saiz Rodriguez, Daniel Evelio"]
[Result "0-1"]
[WhiteTitle "FM"]
[BlackTitle "FM"]
[WhiteElo "2197"]
[BlackElo "2187"]
[WhiteFideId "13404148"]
[BlackFideId "3523420"]
[EventDate "2025.05.27"]

1. d4 d5 2. c4 e6 3. cxd5 exd5 4. Nc3 c6 5. Qc2 Bd6 6. Nf3 Ne7 7. Bg5 f6 8. Bh4
Bf5 9. Qd2 O-O 10. e3 Nd7 11. Be2 Bg6 12. Bg3 Nf5 13. Nh4 Nxh4 14. Bxh4 a5 15.
Bg3 Qe7 16. Bxd6 Qxd6 17. O-O a4 18. a3 b5 19. Na2 Nb6 20. Nb4 f5 21. g3 f4 22.
exf4 Rfe8 23. Rfe1 Be4 24. f3 Bf5 25. g4 Bd7 26. Bd3 Rf8 27. f5 Nc4 28. Bxc4
bxc4 29. Re5 g6 30. Qg5 Rf6 31. Rae1 Raf8 32. Kg2 h6 33. Qxh6 gxf5 34. Qg5+ Rg6
35. Qe7 fxg4 36. Qxd6 gxf3+ 37. Kf2 Rxd6 38. Rg1+ Kf7 39. Kxf3 Rf6+ 40. Ke3 Rh8
41. Rg2 Rh3+ 42. Kd2 Bf5 43. Rf2 Be4 44. Rxf6+ Kxf6 45. Nxc6 Rxh2+ 46. Kc3 Rc2+
47. Kb4 Rxb2+ 48. Kxa4 c3 49. Nb4 Rxb4+ 50. axb4 c2 51. b5 c1=Q 52. b6 Qc6+ 53.
Ka5 Bd3 54. Kb4 Qxb6+ 55. Kc3 Bc4 56. Re3 Qb3+ 57. Kd2 Qb2+ 58. Ke1 Qxd4 59.
Rf3+ Ke6 60. Rf2 Qe3+ 61. Kd1 Bb3+ 62. Rc2 Bxc2+ 63. Kxc2 d4 64. Kd1 Qe4 65. Kd2
Kd5 66. Kd1 d3 67. Kd2 Qe2+ 68. Kc3 Qc2+ 69. Kb4 d2 70. Ka3 d1=Q 71. Kb4 Qdb1+
72. Ka5 Qca2# 0-1

[Event "Titled Tue 27th May Early"]
[Site "chess.com INT"]
[Date "2025.05.27"]
[Round "11"]
[White "Shevkunov, Vladyslav"]
[Black "Rossi, Maximiliano"]
[Result "1-0"]
[WhiteElo "2073"]
[BlackElo "2013"]
[WhiteFideId "30953448"]
[BlackFideId "113425"]
[EventDate "2025.05.27"]

1. e4 e6 2. d4 d5 3. Nd2 dxe4 4. Nxe4 Bd7 5. Nf3 Bc6 6. Bd3 Bxe4 7. Bxe4 c6 8.
O-O Nf6 9. Bd3 g6 10. Bf4 Bg7 11. c3 O-O 12. Qb3 Qb6 13. Ne5 Nbd7 14. Nc4 Qxb3
15. axb3 Nd5 16. Bg3 a6 17. Na5 c5 18. dxc5 Nxc5 19. Bc2 b5 20. b4 Nd7 21. Rfd1
Rfc8 22. Be4 N7b6 23. Nb7 Ra7 24. Nc5 Rca8 25. Bf3 a5 26. bxa5 Rxa5 27. Rxa5
Rxa5 28. Nd3 Ra2 29. h3 h5 30. Bh2 Nc4 31. b3 Ncb6 32. Bxd5 Nxd5 33. Nb4 Nxb4
34. cxb4 Rb2 35. Bd6 Rxb3 36. Bc5 Be5 37. g3 Kg7 38. Kg2 h4 39. g4 Bf6 40. Rd7
g5 41. Rb7 Rd3 42. Rxb5 Rd5 43. Rb8 Be5 44. Rb7 Bd4 45. Bxd4+ Rxd4 46. b5 Rb4
47. Kf3 Kf6 48. Rb8 Rb3+ 49. Kg2 Ke5 50. Rg8 f6 51. Rb8 Kf4 52. Rf8 f5 53. gxf5
exf5 54. Rb8 g4 55. b6 gxh3+ 56. Kh2 Kf3 57. Kxh3 Kxf2+ 58. Kxh4 f4 59. Kg4 f3
60. b7 Rb4+ 61. Kh3 Kf1 62. Rf8 Rb3 63. b8=Q Rxb8 64. Rxb8 f2 65. Rf8 Ke2 66.
Kg2 Ke3 67. Rxf2 Ke4 68. Rf3 Ke5 69. Kg3 1-0

[Event "Titled Tue 27th May Early"]
[Site "chess.com INT"]
[Date "2025.05.27"]
[Round "11"]
[White "Madi, Aidana"]
[Black "Barwinska, Ewa"]
[Result "0-1"]
[WhiteTitle "WFM"]
[BlackTitle "WFM"]
[WhiteElo "1855"]
[BlackElo "2014"]
[WhiteFideId "13722689"]
[BlackFideId "21833761"]
[EventDate "2025.05.27"]

1. e4 c5 2. d4 cxd4 3. c3 d3 4. c4 Nc6 5. Nc3 Ne5 6. b3 e6 7. Nf3 Bb4 8. Bd2 Qa5
9. Rc1 Nf6 10. Nxe5 Qxe5 11. Bxd3 b6 12. O-O Bd6 13. g3 Bc5 14. Bf4 Qh5 15. Be2
Qh3 16. Nb5 O-O 17. Nc7 Rb8 18. Bf3 Bb7 19. Re1 Rbc8 20. Bg2 Qh5 21. Bf3 Qg6 22.
Nb5 Nxe4 23. Nxa7 Bxf2+ 24. Kh1 Bxe1 25. Nxc8 Rxc8 26. Qxe1 Nxg3+ 27. Qxg3 Qxg3
28. hxg3 Bxf3+ 29. Kh2 Bc6 30. Be3 Ra8 31. Rc2 b5 32. cxb5 Bxb5 33. a4 Bc6 34.
Ra2 Kf8 35. Bb6 Ke7 36. a5 Bb5 37. Rd2 Rc8 38. b4 d5 39. Bc5+ Kd7 40. Kg2 f6 41.
Kf3 Kc6 42. Ra2 Bc4 43. a6 Bxa2 44. a7 Bc4 45. Ke3 Kb5 46. Kd4 e5+ 47. Kc3 Be2
48. Kd2 Bc4 49. Kc3 h5 50. Bd6 Ka6 51. Bc5 Kb7 52. Kd2 Rxc5 53. bxc5 Kxa7 54.
Kc3 Kb7 55. Kb4 Kc6 56. Kc3 g5 57. Kd2 Kxc5 58. Ke3 d4+ 59. Kd2 d3 60. Ke1 f5 0-1